| 000 | 00342nam a2200145Ia 4500 | ||
|---|---|---|---|
| 008 | 230312s9999||||xx |||||||||||||| ||und|| | ||
| 082 |
_a344.4201 _bHAK-L |
||
| 100 | _aHakim;Mian.Asad | ||
| 245 | 0 | _aLabour Laws | |
| 260 |
_bMansoor Book House _aPakistan _c2010 |
||
| 300 | _a392 | ||
| 546 | _aEng. | ||
| 650 |
_aLaw _vLabour Laws |
||
| 942 | _cBK | ||
| 999 |
_c7832 _d7832 |
||